Holiday Quiz

Random Holiday or TV Show Quiz

St. Patrick's Day on TV Shows Quiz Stats

 Plays Quiz Updated Mar 14, 2018

Score 0/20 Timer 07:00
10 Plays Today
% Correct
The Office
97.2%
The Simpsons
95.8%
Family Guy
93.3%
How I Met Your Mother
92.7%
Cheers
85.4%
Conan
84.2%
2 Broke Girls
83.2%
The Late Show with David Letterman
82.6%
South Park
81.1%
Futurama
80.7%
% Correct
The Tonight Show Starring Jimmy Fallon
80.3%
Saturday Night Live
79.3%
Bewitched
73.5%
The Colbert Report
70.9%
30 Rock
69.4%
All in the Family
66.7%
It's Always Sunny in Philadelphia
62.6%
Boardwalk Empire
56.6%
Mike and Molly
56.3%
Bonanza
52.8%

You're not logged in!

Compare scores with friends on all Sporcle quizzes.
OR
Log In

You Might Also Like...

Show Comments

Extras

Top Quizzes Today


Score Distribution

Your Account Isn't Verified!

In order to create a playlist on Sporcle, you need to verify the email address you used during registration. Go to your Sporcle Settings to finish the process.

Report this User

Report this user for behavior that violates our Community Guidelines.

Details: